| 000 | 00431nam a2200181Ia 4500 | ||
|---|---|---|---|
| 003 | GCL | ||
| 008 | 140319s9999 xx 000 0 eng d | ||
| 040 |
_aGCL / _cGCL |
||
| 082 | 0 | 4 |
_a726.2 _bB I |
| 100 | 1 | _aBAER, EVA | |
| 245 | 1 | 0 |
_aISLAMIC ORNAMENT / _cBAER, EVA |
| 260 |
_a[S.N] : _bEDINBURGH UNIVERSITY ، _c1998 |
||
| 300 | _a160 P | ||
| 650 | 0 | 4 | _aARTS |
| 650 | 0 | 4 | _aORNAMENTS |
| 650 | 0 | 4 | _aISLAM - ARTS |
| 942 |
_2ddc _cBK |
||
| 999 |
_c16433 _d16433 |
||